|
|
|
|
| LEADER |
00000nam a2200000Ia 4500 |
| 008 |
150728b2006 cr ||||| |||| 00| | spa d |
| 022 |
|
|
|a 1409-1941
|
| 090 |
|
|
|a 06.01.01
|b 1696
|
| 110 |
1 |
|
|a Costa Rica. Instituto Nacional de Estadística y Censos
|9 546
|
| 245 |
1 |
0 |
|a Anuario estadístico 2005
|
| 260 |
|
|
|a San José, Costa Rica :
|b Instituto Nacional de Estadistica y Censos,
|c 2006
|
| 300 |
|
|
|a 254 páginas
|
| 650 |
1 |
4 |
|a CIENCIAS DE LA EDUCACIÓN
|9 330
|
| 650 |
1 |
4 |
|a ANUARIOS
|9 566
|
| 650 |
1 |
4 |
|a ESTADÍSTICA
|9 549
|
| 650 |
1 |
4 |
|a POBLACIÓN
|9 78
|
| 650 |
1 |
4 |
|a INFORMES
|9 267
|
| 650 |
1 |
4 |
|a ESTADÍSTICAS DEMOGRÁFICAS
|9 567
|
| 942 |
|
|
|i 003206
|h 06.01.01 1696
|2 z
|c 01
|
| 999 |
|
|
|c 119
|d 119
|